Antología de Quillota
Guardat en:
| Autor principal: | |
|---|---|
| Altres autors: | |
| Format: | Llibre |
| Idioma: | anglès |
| Publicat: |
Quillota
El Observador
2017
|
| Matèries: | |
| Etiquetes: |
Afegir etiqueta
Sense etiquetes, Sigues el primer a etiquetar aquest registre!
|
MARC
| LEADER | 00000nam a22000007a 4500 | ||
|---|---|---|---|
| 003 | CL-VaPUC | ||
| 005 | 20250116090505.0 | ||
| 008 | 200121b ||||| |||| 00| 0 eng d | ||
| 999 | |c 379564 |d 379562 | ||
| 040 | |c Pontificia Universidad Católica de Valparaíso | ||
| 082 | |a 868 SIL 2017 | ||
| 100 | 1 | |a Silva Bijit, Roberto |e autor |9 610773 | |
| 245 | |a Antología de Quillota | ||
| 260 | |a Quillota |b El Observador |c 2017 | ||
| 300 | |a 180 p. | ||
| 583 | |c 20200121 |k Valeria Valenzuela | ||
| 650 | 0 | 0 | |a Antología |9 327336 |
| 651 | 0 | |a Quillota |9 265145 | |
| 700 | |a Nuñez Mercado, Miguel |9 611728 | ||
| 942 | |2 ddc |c BK | ||
| 952 | |0 0 |1 0 |2 ddc |4 0 |6 868_000000000000000_SIL_2017 |7 0 |8 A |9 500143 |a BIBHIS |b BIBHIS |d 2020-01-21 |i 5615704 |o 868 SIL 2017 |p 5615704 |r 2025-01-20 |t 1 |w 2020-01-21 |y BK |k HIS | ||